Guess the 1970s song lyrics #342 - Statistics

General Stats
  • This quiz has been taken 15 times
  • The average score is 117 of 205
Answer Stats
Answer % Correct
I
100%
us
92%
a
85%
can
85%
the
85%
The
85%
And
77%
and
77%
Don't
77%
in
77%
on
77%
to
77%
We
77%
we
77%
baby
69%
for
69%
give
69%
know
69%
love
69%
one
69%
up
69%
are
62%
just
62%
Just
62%
my
62%
Who
62%
by
54%
can't
54%
Can't
54%
come
54%
It's
54%
more
54%
still
54%
this
54%
try
54%
We're
54%
got
46%
through
46%
When
46%
isn't
38%
make
38%
night
38%
so
38%
head
31%
right
31%
stars
31%
There's
31%
written
31%
few
23%
future
23%
knows
23%
last
23%
lost
23%
moonlight
23%
ours
23%
painted
23%
put
23%
really
23%
seem
23%
way
23%
we've
23%
worth
23%
change
15%
dreamer
15%
Even
15%
evening
15%
fool
15%
left
15%
maybe
15%
plays
15%
sometimes
15%
wrong
15%
You've
15%
angel
8%
believing
8%
far
8%
little
8%
Lord
8%
rainy
8%
stay
8%
stop
0%
No matching quizzes found
Score Distribution
Percent of People with Each Score
Percentile by Number Answered
Your Score History
You have not taken this quiz